| 000 | 00756nam a2200217Ia 4500 | ||
|---|---|---|---|
| 003 | GCL | ||
| 008 | 140319s9999 xx 000 0 ara d | ||
| 040 |
_aGCL / _cGCL |
||
| 082 | 0 | 4 |
_a027.68 _bم م |
| 100 | 1 | _aمحمد فتحى عبدالهادى | |
| 245 | 1 | 0 |
_aمراكز المعلومات الصحفية / _cمحمد فتحى عبدالهادى |
| 700 | 1 | _aمحمد ابراهيم سليمان | |
| 700 | 1 | _aابوالسعود ابراهيم | |
| 300 | _a247 ص | ||
| 490 |
_aالهيئة العامة للاستعلامات _v0 |
||
| 650 | 0 | 4 | _aالارشيف |
| 650 | 0 | 4 | _aالصحافة , مراكز المعلومات |
| 650 | 0 | 4 | _aالتوثيق الاعلامى |
| 650 | 0 | 4 | _aمراكز المعلومات - تنظيم |
| 942 |
_2ddc _cBK |
||
| 999 |
_c48903 _d48903 |
||